Top 50 des prénoms garçons et filles années 1990 - Statistiques

Statistiques générales
  • Ce quiz a été pris 137 fois
  • Le résultat moyen est 51 sur 100
Statistiques - réponses
Prénom % Correct
Paul
90%
Julie
89%
Marie
89%
Louis
81%
Pierre
81%
Léa
80%
Julien
79%
Thomas
76%
Antoine
75%
Alexandre
73%
Emma
73%
Manon
71%
Pauline
71%
Romain
70%
Camille
69%
Chloé
69%
Kévin
69%
Laura
69%
Maxime
68%
Aurélie
65%
Charlotte
65%
Juliette
64%
Marion
64%
Nicolas
64%
Justine
63%
Marine
63%
Quentin
63%
Lucie
61%
Sarah
61%
Alexis
60%
Clément
60%
Vincent
60%
Anthony
59%
Audrey
59%
Emilie
59%
Lucas
58%
Mathilde
58%
Sophie
58%
Hugo
55%
Matthieu
55%
Valentin
55%
Alice
54%
Arthur
54%
Sébastien
54%
Anais
53%
Elodie
53%
Jérémy
53%
Mathieu
53%
David
51%
Victor
51%
Adrien
50%
Benjamin
50%
Lisa
50%
Céline
49%
Jessica
49%
Mélanie
49%
Océane
49%
Caroline
48%
Clara
48%
Damien
46%
Florian
46%
Guillaume
46%
Alexandra
45%
Baptiste
45%
Claire
45%
Théo
45%
Amandine
44%
Clémence
44%
Fabien
44%
Raphaël
44%
Amélie
43%
Florent
43%
Bastien
41%
Jennifer
41%
Jonathan
41%
Morgane
41%
Simon
41%
Axel
40%
Laetitia
39%
Aurélien
35%
Inès
35%
Mélissa
35%
Dylan
34%
Margaux
34%
Coralie
31%
Cindy
30%
Estelle
30%
Arnaud
29%
Corentin
29%
Fanny
29%
Loïc
29%
Thibault
29%
Mickael
28%
Jordan
26%
Rémi
26%
Maeva
24%
Ophélie
23%
Adeline
18%
Charlène
14%
Christopher
13%
Aucun quiz correspondant
Distribution des résultats
% des personnes avec chaque résultat
Percentile par nombre de réponses
Votre historique - résultats
Vous n’avez pas pris ce quiz